500 Biggest Cities in the World on a Map - Statistics

General Stats
  • This quiz has been taken 120,298 times
    78,419 since last reset
  • The average score is 195 of 500
Answers on the Map
Answers color-coded by a green-red scale on the quiz's map according to % correct below.
 
Answer Stats
Population Urban Area % Correct
23,100,000 New York
92%
14,800,000 London
91%
17,700,000 Los Angeles
90%
18,800,000 Moscow
90%
11,400,000 Paris
90%
6,850,000 Madrid
88%
40,800,000 Tokyo
88%
24,900,000 Mexico City
87%
3,450,000 Rome
87%
4,775,000 Berlin
86%
4,950,000 Barcelona
85%
6,450,000 Miami
85%
4,925,000 Sydney
85%
22,200,000 Cairo
84%
9,900,000 Chicago
84%
1,510,000 Dublin
84%
2,500,000 Lisbon
84%
20,900,000 Beijing
83%
33,400,000 Delhi
83%
13,400,000 Rio de Janeiro
83%
7,950,000 San Francisco
83%
7,550,000 Toronto
83%
16,100,000 Istanbul
82%
3,475,000 Kiev
82%
1,230,000 Oslo
82%
3,550,000 Athens
81%
6,400,000 Saint Petersburg
81%
4,625,000 Seattle
81%
2,500,000 Amsterdam
80%
16,700,000 Buenos Aires
80%
7,550,000 Dallas
80%
6,100,000 Milan
80%
2,250,000 Stockholm
80%
8,800,000 Washington, D.C.
80%
7,050,000 Houston
79%
11,600,000 Lima
79%
3,125,000 Manchester
79%
40,000,000 Shanghai
79%
2,475,000 Warsaw
79%
7,850,000 Boston
78%
1,510,000 Helsinki
78%
26,600,000 Mumbai
78%
3,025,000 Vancouver
78%
20,500,000 Bangkok
77%
4,175,000 Brasilia
77%
2,750,000 Brussels
77%
4,450,000 Cape Town
77%
6,600,000 Dubai
77%
2,225,000 Havana
77%
28,900,000 Jakarta
77%
4,950,000 Melbourne (AU)
77%
1,260,000 Melbourne (US)
77%
23,000,000 São Paulo
77%
2,275,000 Vienna
77%
5,200,000 Ankara
76%
1,760,000 Copenhagen
76%
26,700,000 Manila
76%
8,050,000 Santiago
76%
24,900,000 Seoul
76%
2,650,000 Budapest
75%
14,800,000 Johannesburg
75%
2,275,000 Munich
75%
4,050,000 Naples
75%
6,100,000 Atlanta
74%
10,200,000 Bogota
74%
2,375,000 Las Vegas
74%
1,550,000 Porto
74%
1,460,000 Prague
74%
3,300,000 San Diego
74%
2,775,000 Tunis
74%
3,950,000 Denver
73%
5,850,000 Detroit
73%
1,890,000 Liverpool
73%
3,075,000 Sana'a
73%
16,200,000 Tehran
73%
2,200,000 Bucharest
72%
1,690,000 Glasgow
72%
4,375,000 Montreal
72%
2,225,000 Perth
72%
7,550,000 Philadelphia
72%
4,825,000 Phoenix
72%
4,175,000 Algiers
71%
7,500,000 Baghdad
71%
2,900,000 Hamburg
71%
21,400,000 Lagos
71%
2,050,000 Minsk
71%
17,700,000 Osaka
71%
1,330,000 Ottawa
71%
1,240,000 Sofia
71%
2,175,000 Austin
70%
3,225,000 Birmingham
70%
3,275,000 Frankfurt
70%
7,300,000 Hong Kong
70%
2,025,000 Lyon
70%
1,690,000 Marseille
70%
3,725,000 Orlando
70%
7,750,000 Singapore
70%
6,100,000 Alexandria
69%
1,450,000 Auckland
69%
3,800,000 Caracas
69%
7,000,000 Hanoi
69%
1,620,000 Panama City
69%
9,150,000 Riyadh
69%
1,740,000 Abu Dhabi
68%
6,550,000 Nairobi
68%
2,425,000 San Jose
68%
4,700,000 Casablanca
67%
21,300,000 Dhaka
67%
13,500,000 Ho Chi Minh City
67%
2,500,000 Portland
67%
3,725,000 Rawalpindi / Islamabad
67%
3,375,000 Rotterdam
67%
9,200,000 Taipei
67%
2,925,000 Tel Aviv
67%
1,480,000 Zurich
67%
1,440,000 Belgrade
66%
67,800,000 Guangzhou
66%
2,875,000 Quito
66%
4,600,000 Addis Ababa
65%
3,800,000 Damascus
65%
9,100,000 Kuala Lumpur
65%
4,200,000 Kuwait City
65%
2,225,000 La Paz
65%
3,300,000 Minneapolis
65%
4,800,000 Kabul
64%
2,125,000 Rabat
64%
4,750,000 Tampa
64%
1,770,000 Tripoli
64%
1,900,000 Valencia (ES)
64%
2,075,000 Valencia (VE)
64%
3,325,000 Guatemala City
63%
15,000,000 Kinshasa
63%
17,400,000 Kolkata
63%
3,525,000 Port-au-Prince
63%
2,625,000 Salt Lake City
63%
1,860,000 Beirut
62%
3,275,000 Brisbane
62%
4,200,000 Dakar
62%
2,450,000 Doha
62%
1,880,000 Montevideo
62%
1,310,000 Seville
62%
19,100,000 Karachi
61%
2,975,000 Pyongyang
61%
11,800,000 Wuhan
61%
2,675,000 Baku
60%
2,025,000 Jacksonville
60%
2,175,000 Sacramento
60%
2,325,000 San Antonio
60%
5,850,000 Amman
59%
6,850,000 Khartoum
59%
2,225,000 Leeds
59%
4,175,000 Santo Domingo
59%
1,590,000 Turin
59%
2,100,000 Indianapolis
58%
2,325,000 Mecca
58%
1,510,000 Ulaanbaatar
58%
1,410,000 Calgary
57%
1,400,000 Edmonton
57%
1,410,000 Adelaide
56%
1,360,000 Astana
56%
5,750,000 Guadalajara
56%
9,000,000 Luanda
56%
1,930,000 San Salvador
56%
1,400,000 Tbilisi
56%
6,350,000 Accra
55%
2,450,000 Asuncion
55%
3,100,000 Cleveland
55%
4,900,000 Colombo
55%
6,000,000 Dar es Salaam
55%
2,125,000 Mogadishu
55%
1,640,000 Nashville
55%
12,300,000 Xi'an
55%
4,100,000 Abuja
54%
1,230,000 Antwerp
54%
2,575,000 Charlotte
54%
1,470,000 Muscat
54%
1,460,000 Newcastle
54%
2,100,000 Kansas City
53%
4,225,000 Medellin
53%
2,350,000 Saint Louis
53%
2,950,000 Antananarivo
52%
13,700,000 Bangalore
52%
1,840,000 Columbus
52%
14,400,000 Lahore
52%
1,520,000 Milwaukee
52%
2,200,000 Tijuana
52%
1,510,000 Yerevan
52%
2,200,000 Brazzaville
51%
12,200,000 Chennai
51%
3,075,000 Kathmandu
51%
2,075,000 Pittsburgh
51%
3,600,000 Tashkent
51%
2,825,000 Cincinnati
50%
5,500,000 Jeddah
50%
5,850,000 Monterrey
50%
1,420,000 Buffalo
49%
4,000,000 Busan
49%
11,100,000 Hyderabad (IN)
49%
2,450,000 Hyderabad (PK)
49%
3,975,000 Kampala
49%
2,400,000 Stuttgart
49%
5,150,000 Belo Horizonte
48%
1,910,000 San Juan
48%
1,340,000 Freetown
47%
1,870,000 Hiroshima
47%
3,025,000 Izmir
47%
2,750,000 Phnom Penh
47%
2,600,000 Harare
46%
1,600,000 Kharkiv
46%
1,770,000 Raleigh
46%
2,500,000 Sapporo
46%
3,975,000 Bamako
45%
16,600,000 Chengdu
45%
1,370,000 Managua
45%
10,500,000 Nagoya
45%
10,500,000 Chongqing
44%
1,420,000 Donetsk
44%
3,575,000 Durban
44%
2,250,000 Lusaka
44%
1,550,000 Manama
44%
1,770,000 Monrovia
44%
1,530,000 Sheffield
44%
3,700,000 Yaounde
44%
2,325,000 Manaus
43%
1,690,000 Medina
43%
11,400,000 Tianjin
43%
9,300,000 Ahmedabad
42%
1,900,000 Aleppo
42%
1,330,000 Fes
42%
1,330,000 Kigali
42%
1,310,000 Lille
42%
2,800,000 Ouagadougou
42%
6,000,000 Yangon
42%
2,450,000 Maputo
41%
14,500,000 Xiamen
41%
1,530,000 Ashgabat
40%
2,125,000 Gaza
40%
9,050,000 Nanjing
40%
1,810,000 N'Djamena
40%
1,430,000 Niamey
40%
6,550,000 Abidjan
39%
2,925,000 Cali
39%
2,775,000 Conakry
39%
1,370,000 Nottingham
39%
3,925,000 Recife
39%
4,725,000 Urumqi
39%
2,550,000 Almaty
38%
2,350,000 Lome
38%
1,660,000 Virginia Beach
38%
1,350,000 Nouakchott
37%
3,700,000 Salvador
37%
1,400,000 Rostov-on-Don
36%
1,390,000 Antalya
35%
3,775,000 Fortaleza
35%
3,275,000 Guayaquil
35%
5,200,000 Kano
35%
1,320,000 Mombasa
35%
1,660,000 Nizhny Novgorod
35%
4,200,000 Porto Alegre
35%
1,840,000 Yekaterinburg
35%
1,560,000 Bangui
34%
1,770,000 Cordoba
34%
5,400,000 Harbin
34%
7,550,000 Pune
34%
4,650,000 Chittagong
33%
13,400,000 Hangzhou
33%
1,680,000 Hartford
33%
4,275,000 Jaipur
33%
1,600,000 Juarez
32%
1,570,000 Kazan
32%
5,900,000 Surabaya
32%
2,275,000 Belem
31%
1,340,000 Dnipro
31%
1,840,000 Novosibirsk
31%
2,500,000 Agra
30%
2,250,000 Katowice
30%
1,440,000 Port Elizabeth
30%
7,250,000 Qingdao
30%
2,275,000 Barranquilla
29%
3,350,000 Isfahan
29%
1,420,000 Rosario
29%
6,900,000 Bandung
28%
2,800,000 Fukuoka
28%
1,570,000 Oran
28%
4,175,000 Puebla
28%
2,700,000 Cebu
27%
4,000,000 Lucknow
27%
1,580,000 Mannheim
27%
1,490,000 Mosul
27%
2,325,000 Santa Cruz
27%
3,550,000 Curitiba
26%
1,340,000 Harrisburg
26%
2,750,000 Maracaibo
26%
7,450,000 Surat
26%
1,630,000 Basra
25%
10,500,000 Changsha
25%
5,150,000 Dalian
25%
4,550,000 Fuzhou
25%
2,175,000 Bursa
24%
3,650,000 Douala
24%
2,025,000 George Town
24%
6,250,000 Kunming
24%
8,550,000 Shenyang
24%
9,450,000 Zhengzhou
24%
7,500,000 Hefei
23%
1,690,000 Mandalay
23%
3,350,000 Mashhad
23%
4,150,000 Medan
23%
1,320,000 Merida
23%
1,370,000 Samara
23%
1,790,000 Benin City
22%
2,025,000 Cotonou
22%
2,750,000 Daegu
22%
3,925,000 Ibadan
22%
1,430,000 Da Nang
21%
1,650,000 Davao
21%
5,100,000 Nanning
21%
1,460,000 Natal
21%
1,780,000 Adana
20%
1,460,000 Chelyabinsk
20%
2,750,000 Dammam
20%
3,950,000 Faisalabad
20%
2,225,000 Leon
20%
3,450,000 Nagpur
20%
1,880,000 Shiraz
20%
1,280,000 Stockton
20%
1,710,000 Gaziantep
19%
2,600,000 Port Harcourt
19%
1,910,000 Tabriz
19%
1,280,000 Agadir
18%
6,350,000 Jinan
18%
2,650,000 Lubumbashi
18%
7,100,000 Ningbo
18%
1,390,000 Qom
18%
1,470,000 São Luis
18%
1,510,000 Sendai
18%
8,000,000 Shantou
18%
5,100,000 Wenzhou
18%
3,325,000 Campinas
17%
1,370,000 Konya
17%
2,850,000 Kumasi
17%
1,240,000 McAllen
17%
2,550,000 Goiania
16%
3,525,000 Indore
16%
3,600,000 Kanpur
16%
2,775,000 Kaohsiung
16%
1,270,000 Krasnoyarsk
16%
2,850,000 Patna
16%
2,600,000 Bhopal
15%
1,440,000 Cochabamba
15%
2,575,000 Haikou
15%
3,400,000 Lanzhou
15%
1,770,000 Makassar
15%
1,240,000 Naha
15%
1,790,000 Santos
15%
4,900,000 Changchun
14%
1,860,000 Huainan
14%
1,640,000 Kochi
14%
2,600,000 Peshawar
14%
1,290,000 San Pedro Sula
14%
5,750,000 Taiyuan
14%
2,050,000 Varanasi
14%
1,780,000 Yogyakarta
14%
1,250,000 Quetta
13%
6,000,000 Shijiazhuang
13%
2,450,000 Taichung
13%
1,310,000 Tainan
13%
2,650,000 Toluca
13%
1,250,000 Aba
12%
1,470,000 Amritsar
12%
1,700,000 Angeles
12%
2,925,000 Coimbatore
12%
1,530,000 Daejeon
12%
1,630,000 Gwangju
12%
1,610,000 Jodhpur
12%
2,275,000 Multan
12%
1,740,000 Palembang
12%
1,360,000 San Luis Potosi
12%
1,930,000 Vitoria
12%
4,850,000 Guiyang
11%
1,610,000 Jilin
11%
2,325,000 Mbuji-Mayi
11%
4,800,000 Nanchang
11%
2,175,000 Okayama
11%
2,100,000 Semarang
11%
3,800,000 Zibo
11%
1,330,000 Barquisimeto
10%
1,330,000 Bucaramanga
10%
2,575,000 Chandigarh
10%
2,625,000 Hohhot
10%
3,450,000 Luoyang
10%
1,890,000 Madurai
10%
1,640,000 Queretaro
10%
2,075,000 Rajkot
10%
1,730,000 Srinagar
10%
1,660,000 Surakarta
10%
1,480,000 Ahvaz
9%
1,530,000 Allahabad
9%
2,350,000 Anshan
9%
1,350,000 Benguela
9%
3,075,000 Gujranwala
9%
1,420,000 Haiphong
9%
2,050,000 Kaduna
9%
1,980,000 Kitakyushu
9%
4,300,000 Linyi
9%
1,460,000 Maracay
9%
1,310,000 Mysore
9%
3,250,000 Nantong
9%
1,280,000 Shymkent
9%
1,400,000 Torreon
9%
2,350,000 Vadodara
9%
2,350,000 Visakhapatnam
9%
3,000,000 Xuzhou
9%
2,450,000 Yantai
9%
2,150,000 Baotou
8%
3,175,000 Bhilai
8%
1,310,000 Hamamatsu
8%
1,290,000 Kananga
8%
2,075,000 Ludhiana
8%
1,340,000 Maiduguri
8%
2,275,000 Nashik
8%
1,420,000 Taizhou (Jiangsu)
8%
2,525,000 Taizhou (Zhejiang)
8%
2,650,000 Tangshan
8%
3,075,000 Weifang
8%
1,370,000 Bandar Lampung
7%
2,025,000 Bhubaneswar
7%
1,900,000 Datong
7%
1,700,000 Guilin
7%
1,520,000 Kota
7%
1,740,000 Malang
7%
1,850,000 Meerut
7%
1,310,000 Onitsha
7%
1,550,000 Ranchi
7%
2,100,000 Xining
7%
1,970,000 Aurangabad
6%
2,075,000 Baoding
6%
1,830,000 Daqing
6%
1,510,000 Gwalior
6%
2,750,000 Handan
6%
1,870,000 Huai'an
6%
1,560,000 Jabalpur
6%
1,760,000 Jamshedpur
6%
1,790,000 Jining
6%
1,270,000 Kaifeng
6%
2,350,000 Liuzhou
6%
1,240,000 Luzhou
6%
1,380,000 Maoming
6%
1,490,000 Tai'an
6%
2,225,000 Vijayawada
6%
1,430,000 Weihai
6%
1,730,000 Wuhu
6%
2,200,000 Yangzhou
6%
2,300,000 Yinchuan
6%
1,790,000 Zhanjiang
6%
2,450,000 Zhuhai
6%
1,360,000 Aligarh
5%
1,860,000 Anyang
5%
1,690,000 Asansol
5%
1,430,000 Bareilly
5%
1,480,000 Chonburi
5%
1,440,000 Dhanbad
5%
1,980,000 Ganzhou
5%
1,220,000 Hengyang
5%
1,630,000 Huzhou
5%
1,220,000 Jinzhou
5%
1,380,000 Moradabad
5%
1,350,000 Nanchong
5%
1,550,000 Nanyang
5%
1,630,000 Qinhuangdao
5%
1,270,000 Tiruchirappalli
5%
1,750,000 Xiangyang
5%
2,525,000 Xinxiang
5%
2,475,000 Yiwu
5%
1,880,000 Bengbu
4%
1,300,000 Huaibei
4%
3,025,000 Jiangyin
4%
1,680,000 Mianyang
4%
1,540,000 Tiruppur
4%
1,590,000 Xingtai
4%
1,410,000 Yancheng
4%
1,340,000 Yichang
4%
1,510,000 Yulin
4%
1,400,000 Zhangjiakou
4%
1,860,000 Zunyi
4%
1,260,000 Dazhou
3%
1,310,000 Fuyang
3%
1,440,000 Heze
3%
1,570,000 Jiaozuo
3%
2,075,000 Jiaxing
3%
1,480,000 Jinhua
3%
1,220,000 Karawang
3%
1,980,000 Pingdingshan
3%
1,600,000 Puyang
3%
1,270,000 Qingyuan
3%
1,600,000 Shangqiu
3%
1,470,000 Shangrao
3%
1,320,000 Xuchang
3%
1,790,000 Zaozhuang
3%
1,710,000 Cangnan
2%
No matching quizzes found
Score Distribution
Percent of People with Each Score
Percentile by Number Answered
Your Score History
You have not taken this quiz since the last reset